Meranie spokojnosti zákazníka

Saved in:
Bibliographic Details
Main Author: Rudášová, Zuzana
Other Authors: Blaščák, Pavel, 1978-
Format: Book Chapter
Language:Slovak
Tags: Add Tag
No Tags, Be the first to tag this record!

MARC

LEADER 00000nla a2200000 4500
001 0240192
005 20240502073910.8
041 0 |a slo 
044 |a SK 
245 1 0 |a Meranie spokojnosti zákazníka 
500 |a Abstrakt 
100 1 |a Rudášová, Zuzana 
700 1 |a Blaščák, Pavel, 1978-